000 00506nmm a2200145Ia 4500
008 251105s9999||||xx |||||||||||||||||und||
041 _aspa
100 _aEchevarría Osorio, Christopher Mark
245 0 _aLa consciencia del pecado. Bajar el cielo a la tierra :
_b Bajar el cielo a la tierra
264 _a[Madrid, España] :
_bMedinaliber Hispánica,
_c2021
300 _a0 páginas
650 _aMind, body and spirituality
856 _uhttps://public.digitaliapublishing.com/a/100427
942 _cCF
999 _c106853
_d106853